V priateľskom a srdečnom ovzduší Stretnutie súdruhov Vasila Biľaka a Jegora Ligačova v Moskve

Bibliographic Details
Format: Article
Language:Slovak
Subjects:

MARC

LEADER 00000nab a2200000 a 4500
001 vtls000257825
003 SK-MaSNL
005 20260302220757.0
008 111130c1986 xo 0 slo
015 |a SNBRB19rr/mm-uuuuu 
035 |a CL0267939 
040 |a SNKBUCL  |b slo  |c SNKBUCL  |e AACR2 
041 0 |a slo 
044 |a xo  |c SK 
080 |a 327(437:47)  |2 1981 
080 |a 327(100-11)(47:437)  |2 1981 
080 |a 327.37  |2 1981 
245 0 0 |a V priateľskom a srdečnom ovzduší  |b Stretnutie súdruhov Vasila Biľaka a Jegora Ligačova v Moskve 
650 0 7 |a ČSSR  |2 snkbucl  |9 335647 
650 0 7 |a zahraničná politika  |2 snkbucl  |9 971 
650 0 7 |a politika mierová  |2 snkbucl  |9 921584 
651 7 |a Sovietsky zväz  |2 snkbucl  |9 22126 
655 7 |a články z novín a časopisov  |2 snkbucl  |9 267496 
773 0 |t Pravda  |g Roč. 67, č. 223 (22. 9. 1986), s. 1 
850 |a Slovenská národná knižnica v Martine  |a MTA001 
852 |a SNK  |b KIS3GCP 
958 |a RK 
958 |a SU 
992 |a RBX 
999 |c 1508563  |d 1510493